Nová plynová kogenerace má zelenou

Dotácie na podporované zdroje energie zo štátneho rozpočtu. Novela zákona o podporovaných zdrojoch energie (POZE). Kogenerácia a jej istoty. Flexibilita malých zdrojov v rámci agregačných blokov pre podporné služby pre ČEPS.

Na minha lista:
Detalhes bibliográficos
Formato: Capítulo de Livro
Idioma:tcheco
Assuntos:
Tags: Adicionar Tag
Sem tags, seja o primeiro a adicionar uma tag!

MARC

LEADER 00000naa a2200000 4500
001 0281032
005 20240417075150.8
041 0 |a cze 
044 |a CZ 
245 1 0 |a Nová plynová kogenerace má zelenou 
520 |a Dotácie na podporované zdroje energie zo štátneho rozpočtu. Novela zákona o podporovaných zdrojoch energie (POZE). Kogenerácia a jej istoty. Flexibilita malých zdrojov v rámci agregačných blokov pre podporné služby pre ČEPS. 
610 2 0 |a teplárenstvo 
610 2 0 |a energetika 
610 2 0 |a dotácie 
610 2 0 |a novelizácia 
610 2 0 |a legislatíva 
610 2 0 |a Európska únia